000 00393nam a2200145Ia 4500
008 210716s1992 xx 000 0 und d
020 _a8185623481
041 _aeng
082 _a005.268 WALJ
100 _aWalkenbach, John;Robinson, Phillip.
245 _a1-2-3 for windows complete hndbook.
260 _aNew Delhi
_bGalgotia Publications
_c1992
300 _axxxii,680
650 _aNone
999 _c182062
_d182062